Flagpole Sitta - Harvey Danger (All Lyrics) - Statistics

General Stats
  • This quiz has been taken 13 times
  • The average score is 196 of 283
Answer Stats
Lyrics % Correct
I
100%
a
86%
an
86%
and
86%
but
86%
'cause
86%
comin'
86%
does
86%
ever
86%
everybody's
86%
get
86%
had
86%
hell
86%
hot
86%
I'm
86%
in
86%
it
86%
me
86%
my
86%
no
86%
not
86%
paranoia
86%
sick
86%
so
86%
the
86%
to
86%
well
86%
you
86%
against
71%
amputee
71%
bit
71%
cut
71%
doesn't
71%
feel
71%
feels
71%
fine
71%
flagpole
71%
God
71%
hurt
71%
just
71%
kill
71%
legs
71%
little
71%
machines
71%
met
71%
mind
71%
naughty
71%
never
71%
now
71%
of
71%
off
71%
publish
71%
rage
71%
run
71%
say
71%
see
71%
they
71%
told
71%
up
71%
wanna
71%
was
71%
when
71%
agony
57%
all
57%
body
57%
breeding
57%
clearer
57%
crazy
57%
crazy)
57%
curves
57%
diggin'
57%
don't
57%
even
57%
feeding
57%
fingertips
57%
goddamn
57%
holes
57%
hospital
57%
into
57%
irony
57%
it's
57%
killin'
57%
live
57%
looking
57%
mirror
57%
moles
57%
one
57%
own
57%
pierce
57%
put
57%
sin
57%
them
57%
they're
57%
tongue
57%
TV
57%
visions
57%
who
57%
world
57%
your
57%
are
43%
around
43%
been
43%
can't
43%
commit
43%
evil
43%
for
43%
forget
43%
found
43%
have
43%
memories
43%
nerves
43%
only
43%
people
43%
running
43%
stupid
43%
that
43%
then
43%
this
43%
with
43%
'zines
43%
cloning
29%
cretins
29%
head
29%
mine
29%
salutes
29%
swear
29%
turn
29%
boring
14%
hear
14%
I'd
14%
if
14%
like
14%
rottenness
14%
snoring
14%
sounds
14%
voices
14%
(you're
14%
you're
14%
bored
0%
four
0%
sublime
0%
three
0%
trivial
0%
two
0%
undergrond
0%
woah
0%
No matching quizzes found
Score Distribution
Percent of People with Each Score
Percentile by Number Answered
Your Score History
You have not taken this quiz